[Event "Liberec Open 2022 - A FIDE Open"]
[Site "Clarion Grandhotel Zlaty Lev, Liberec"]
[Date "2022.02.06"]
[Round "2"]
[Board "15"]
[White "Smietanska, Wiktoria"]
[Black "Dudek, Vojtech"]
[Result "1-0"]
[WhiteElo "1802"]
[BlackElo "2063"]
[PlyCount "77"]
[EventDate "2022.02.05"]
[EventRounds "9"]
[EventCountry "CZE"]

1. c4 Nf6 2. Nc3 b6 3. e4 Bb7 4. e5 Ng8 5. d4 e6 6. Nf3 d6 7. Bf4 Be7 8. Be2 g5
9. exd6 cxd6 10. Be3 g4 11. Nd2 h5 12. f3 Nd7 13. Qc2 a6 14. d5 gxf3 15. Nxf3
e5 16. Rf1 Nh6 17. Nd2 Nf6 18. Nde4 Nfg4 19. Bg1 f5 20. Nd2 Qc7 21. h3 Bh4+ 22.
Kd1 Nf6 23. Nf3 Bg3 24. Qb3 b5 25. cxb5 O-O 26. Ng5 Qd7 27. Na4 Bf4 28. Nb6 Qe7
29. Ne6 Ne4 30. Nxf4 exf4 31. Nxa8 Bxa8 32. b6 Ng3 33. Re1 Re8 34. Qd3 Nf7 35.
Bf2 Ne4 36. Bd4 Ne5 37. Qxa6 Qf7 38. Rc1 Bxd5 39. Rc8  1-0

[Event "Liberec Open 2022 - A FIDE Open"]
[Site "Clarion Grandhotel Zlaty Lev, Liberec"]
[Date "2022.02.06"]
[Round "2"]
[Board "27"]
[White "Paldus, Petr"]
[Black "Bara, Jan"]
[Result "1-0"]
[WhiteElo "1979"]
[BlackElo "1360"]
[PlyCount "83"]
[EventDate "2022.02.05"]
[EventRounds "9"]
[EventCountry "CZE"]

1. e4 c5 2. Nf3 Nc6 3. c3 g6 4. d4 cxd4 5. cxd4 Bg7 6. Nc3 d6 7. d5 Ne5 8. Nxe5
Bxe5 9. Be3 Nf6 10. f4 Bxc3+ 11. bxc3 Qa5 12. Qd4 O-O 13. Bd3 Bd7 14. O-O Rac8
15. c4 Ng4 16. Qxa7 Qxa7 17. Bxa7 Ra8 18. Bd4 Ra3 19. Bc2 Ne3 20. Bxe3 Rxe3 21.
Rfe1 Ra3 22. Bb3 Ba4 23. Rab1 Rb8 24. e5 Kf8 25. Kf2 Bxb3 26. axb3 b5 27. Rec1
bxc4 28. bxc4 Rxb1 29. Rxb1 Rc3 30. Rb8+ Kg7 31. Rc8 Rc2+ 32. Kf3 Rc3+ 33. Ke4
Rc2 34. exd6 exd6 35. Rc6 Rxg2 36. Rxd6 Rxh2 37. c5 Rc2 38. Rc6 h5 39. d6 h4
40. d7 Rd2 41. Rd6 f5+ 42. Ke3  1-0

[Event "Liberec Open 2022 - A FIDE Open"]
[Site "Clarion Grandhotel Zlaty Lev, Liberec"]
[Date "2022.02.06"]
[Round "2"]
[Board "35"]
[White "Jina, Lubos"]
[Black "Langmaier, Michal"]
[Result "1-0"]
[WhiteElo "1615"]
[BlackElo "1351"]
[PlyCount "91"]
[EventDate "2022.02.05"]
[EventRounds "9"]
[EventCountry "CZE"]

1. d4 d5 2. Bf4 e6 3. Nf3 Nf6 4. h3 Bd6 5. Bxd6 Qxd6 6. e3 Qb4+ 7. Nbd2 Qxb2 8.
Bd3 O-O 9. O-O Nbd7 10. Qe2 b6 11. c4 dxc4 12. Rfb1 Qa3 13. Nxc4 Qe7 14. Nce5
Bb7 15. Rc1 c5 16. dxc5 Nxc5 17. Bb5 Rac8 18. Nd4 Qd6 19. Nef3 Rfd8 20. Rd1 Nd5
21. Rac1 Ne4 22. Re1 Ndc3 23. Qb2 Rc5 24. Bf1 Rdc8 25. Nb5 Nxb5 26. Bxb5 Nc3
27. Bf1 Qc6 28. Rc2 Qe4 29. Rd2 Qg6 30. Nd4 Rg5 31. f3 e5 32. Nb3 Bxf3 33. Qxc3
Qe6 34. Qd3 h6 35. Qd7 Qxd7 36. Rxd7 Rc2 37. Rd2 Rxd2 38. Nxd2 Bd5 39. a3 Be6
40. Nf3 Rf5 41. Bd3 e4 42. Bxe4 Ra5 43. Rd1 g5 44. Nd4 Rxa3 45. Nxe6 fxe6 46.
Rd8+  1-0

[Event "Liberec Open 2022 - A FIDE Open"]
[Site "Clarion Grandhotel Zlaty Lev, Liberec"]
[Date "2022.02.06"]
[Round "2"]
[Board "45"]
[White "Sboev, Kirill"]
[Black "Kutek, Jiri"]
[Result "0-1"]
[WhiteElo "1136"]
[BlackElo "1577"]
[PlyCount "100"]
[EventDate "2022.02.05"]
[EventRounds "9"]
[EventCountry "CZE"]

1. d4 d5 2. c4 c6 3. Nc3 Nf6 4. Nf3 Bf5 5. cxd5 cxd5 6. Qb3 b6 7. e3 e6 8. Bb5+
Nbd7 9. O-O Bd6 10. Qa4 Qc7 11. Ba6 O-O 12. Nb5 Qb8 13. Nxd6 Qxd6 14. Bd2 Rfd8
15. Bb4 Qb8 16. Qa3 b5 17. Ba5 Rf8 18. Rac1 Nb6 19. Bxb5 a6 20. Bxb6 axb5 21.
Qc5 Nd7 22. Bc7 Nxc5 23. Bxb8 Nd3 24. Bd6 Nxc1 25. Bxf8 Ne2+ 26. Kh1 Kxf8 27.
Re1 Bd3 28. Ne5 Bc4 29. Nxc4 bxc4 30. a3 Nc3 31. bxc3 Rxa3 32. Rc1 Ra2 33. Kg1
Ke7 34. h3 f6 35. g4 g5 36. Kg2 e5 37. Kf3 Ke6 38. Kg3 f5 39. dxe5 Kxe5 40.
gxf5 Kxf5 41. Kf3 h5 42. Rd1 Ke5 43. Rc1 Rd2 44. Kg2 Ke4 45. Ra1 Kd3 46. Rc1
Rc2 47. Rd1+ Rd2 48. Rc1 Ke2 49. Kg3 Rd3 50. Rc2+ Kd1  0-1

[Event "Liberec Open 2022 - A FIDE Open"]
[Site "Clarion Grandhotel Zlaty Lev, Liberec"]
[Date "2022.02.07"]
[Round "3"]
[Board "1"]
[White "Dusbaba, Karel"]
[Black "Dobrowolski, Piotr"]
[Result "0-1"]
[WhiteElo "1987"]
[BlackElo "2397"]
[PlyCount "72"]
[EventDate "2022.02.05"]
[EventRounds "9"]
[EventCountry "CZE"]

1. c4 e6 2. Nc3 d5 3. d4 Bb4 4. Nf3 dxc4 5. Qa4+ Nc6 6. e3 Bd7 7. Qc2 b5 8. Nd2
a6 9. Be2 Nf6 10. O-O O-O 11. Bf3 Rb8 12. a4 Bd6 13. axb5 axb5 14. Nce4 Nb4 15.
Qd1 Bc6 16. b3 Nxe4 17. Nxe4 Bxe4 18. Bxe4 Bxh2+ 19. Kxh2 Qh4+ 20. Kg1 Qxe4 21.
Ba3 c5 22. bxc4 bxc4 23. Rc1 Qd5 24. dxc5 Rfc8 25. Qg4 Nd3 26. Rc3 Ne5 27. Qd4
Rb3 28. Rfc1 Rxc3 29. Rxc3 Rb8 30. Rc1 f6 31. f4 Nd3 32. Rxc4 Rb1+ 33. Kh2 Qh5+
34. Kg3 Qg6+ 35. Kh2 h5 36. Qe4 Rh1+  0-1

[Event "Liberec Open 2022 - A FIDE Open"]
[Site "Clarion Grandhotel Zlaty Lev, Liberec"]
[Date "2022.02.07"]
[Round "3"]
[Board "2"]
[White "Simek, Petr"]
[Black "Rosol, Alexander"]
[Result "1-0"]
[WhiteElo "2330"]
[BlackElo "1902"]
[PlyCount "103"]
[EventDate "2022.02.05"]
[EventRounds "9"]
[EventCountry "CZE"]

1. d4 Nf6 2. c4 g6 3. g3 Bg7 4. Bg2 O-O 5. Nc3 d6 6. Nf3 c6 7. O-O Qa5 8. e4 e5
9. h3 Nbd7 10. Qe2 exd4 11. Nxd4 Nb6 12. Rd1 Qb4 13. a4 Qxc4 14. a5 Qxe2 15.
Ndxe2 Nbd7 16. Rxd6 Ne8 17. Rd1 Nc7 18. Rb1 f6 19. f4 Re8 20. Be3 Bf8 21. b4 a6
22. Kf2 Re6 23. Na4 Nb5 24. Rb3 Rd6 25. Rc1 Kf7 26. Bf1 Be7 27. g4 Rb8 28. Ng3
Ke8 29. Bc4 Nf8 30. e5 fxe5 31. fxe5 Re6 32. Nb6 g5 33. Nxc8 Rxc8 34. Bxe6 Nxe6
35. Rd1 Nbc7 36. Ne4 Nd5 37. Bc5 Kd7 38. Bxe7 Kxe7 39. Nd6 Rb8 40. Nf5+ Kf7 41.
Kf3 Nef4 42. Ke4 b6 43. Nd4 bxa5 44. Nxc6 Rc8 45. Rxd5 Rxc6 46. bxa5 Nxd5 47.
Kxd5 Rc7 48. Rb6 Rd7+ 49. Rd6 Ke7 50. Rxd7+ Kxd7 51. e6+ Ke7 52. Ke5  1-0

[Event "Liberec Open 2022 - A FIDE Open"]
[Site "Clarion Grandhotel Zlaty Lev, Liberec"]
[Date "2022.02.07"]
[Round "3"]
[Board "3"]
[White "Motyl, Tomasz"]
[Black "Schulz, Michael"]
[Result "0-1"]
[WhiteElo "1987"]
[BlackElo "2247"]
[PlyCount "92"]
[EventDate "2022.02.05"]
[EventRounds "9"]
[EventCountry "CZE"]

1. e4 g6 2. d4 Bg7 3. Nc3 c5 4. d5 d6 5. Be2 a6 6. a4 Nf6 7. Nf3 O-O 8. O-O e5
9. dxe6 Bxe6 10. e5 dxe5 11. Nxe5 Nbd7 12. Nxd7 Nxd7 13. Bf3 Rb8 14. Bf4 Ne5
15. Bd5 Qf6 16. Qc1 Bxd5 17. Nxd5 Qe6 18. Rd1 Rbd8 19. c4 Rd7 20. Qc2 Rfd8 21.
b3 Nc6 22. Re1 Qg4 23. h3 Nd4 24. Qe4 Qh4 25. Rad1 h6 26. Rd3 b5 27. axb5 axb5
28. Be5 Qxe4 29. Rxe4 Re8 30. Rde3 f5 31. Bxg7 Rxe4 32. Bxd4 Rxd5 33. cxd5 Rxd4
34. Re6 Kf7 35. Rb6 b4 36. d6 Ke6 37. Rc6 Rd5 38. d7+ Kxd7 39. Rxg6 Rd3 40.
Rxh6 Rxb3 41. h4 c4 42. Kf1 c3 43. Ke2 Rb2+ 44. Kd3 Rd2+ 45. Ke3 b3 46. Rb6 b2
 0-1

[Event "Liberec Open 2022 - A FIDE Open"]
[Site "Clarion Grandhotel Zlaty Lev, Liberec"]
[Date "2022.02.07"]
[Round "3"]
[Board "4"]
[White "Machacek, Jan"]
[Black "Lajbl, Jan"]
[Result "0-1"]
[WhiteElo "1976"]
[BlackElo "2218"]
[PlyCount "106"]
[EventDate "2022.02.05"]
[EventRounds "9"]
[EventCountry "CZE"]

1. e4 c6 2. Nc3 d5 3. Nf3 dxe4 4. Nxe4 Nf6 5. Qe2 Nxe4 6. Qxe4 Qa5 7. Bc4 Bf5
8. Qf4 e6 9. c3 Qd8 10. d4 Bd6 11. Qe3 Nd7 12. Ne5 Bxe5 13. dxe5 Qc7 14. f4 Nb6
15. Be2 h5 16. h3 O-O-O 17. O-O Kb8 18. c4 Rd7 19. b3 Nc8 20. Ba3 h4 21. Rad1
Rhd8 22. Bc5 Qa5 23. a4 Bc2 24. Rc1 Bd3 25. b4 Qxa4 26. Ra1 Qc2 27. Bxa7+ Kc7
28. Bf3 Bxf1 29. b5 Rd2 30. bxc6 bxc6 31. Qc5 Qxc4 32. Qa5+ Kd7 33. Qxd2+ Ke8
34. Qf2 Nxa7 35. Rxa7 Bd3 36. Rc7 Qc1+ 37. Kh2 Qxf4+ 38. Kg1 Kf8 39. Qc5+ Kg8
40. Rxc6 Be4 41. Rc8 Rxc8 42. Qxc8+ Kh7 43. Qc4 Qe3+ 44. Kh2 Bxf3 45. Qxh4+ Kg8
46. Qd8+ Kh7 47. Qh4+ Qh6 48. Qxh6+ Kxh6 49. gxf3 Kg5 50. Kg3 Kf5 51. f4 g5 52.
fxg5 Kxg5 53. h4+ Kf5  0-1

[Event "Liberec Open 2022 - A FIDE Open"]
[Site "Clarion Grandhotel Zlaty Lev, Liberec"]
[Date "2022.02.07"]
[Round "3"]
[Board "6"]
[White "Kersten, Julian"]
[Black "Soural, Jan"]
[Result "1-0"]
[WhiteElo "1935"]
[BlackElo "2176"]
[PlyCount "57"]
[EventDate "2022.02.05"]
[EventRounds "9"]
[EventCountry "CZE"]

1. e4 c5 2. Nf3 Nc6 3. Nc3 g6 4. d4 cxd4 5. Nxd4 Bg7 6. Nb3 Nf6 7. Be2 d6 8.
O-O O-O 9. Bg5 Bd7 10. f4 b5 11. a3 a5 12. Bf3 a4 13. Nc1 Rb8 14. Kh1 Qa5 15.
e5 Ne8 16. Bxc6 Bxc6 17. Bxe7 dxe5 18. Bxf8 Kxf8 19. fxe5 Bxe5 20. Nd3 Bxc3 21.
bxc3 Qxc3 22. Nb4 Ba8 23. Qd7 Qg7 24. Na6 Rb7 25. Qd8 Ra7 26. Rae1 Bc6 27. Nb8
Qc3 28. Re2 Ra8 29. Qe7+  1-0

[Event "Liberec Open 2022 - A FIDE Open"]
[Site "Clarion Grandhotel Zlaty Lev, Liberec"]
[Date "2022.02.07"]
[Round "3"]
[Board "7"]
[White "Peglau, Charis"]
[Black "Adrian, Leopold"]
[Result "1-0"]
[WhiteElo "1874"]
[BlackElo "2144"]
[PlyCount "35"]
[EventDate "2022.02.05"]
[EventRounds "9"]
[EventCountry "CZE"]

1. d4 Nf6 2. c4 c5 3. Nf3 cxd4 4. Nxd4 e5 5. Nb5 d5 6. cxd5 Bc5 7. e3 O-O 8.
Be2 a6 9. N5c3 e4 10. O-O Re8 11. Nd2 Nbd7 12. Qc2 Qe7 13. Rd1 Nb6 14. Ndxe4
Nxe4 15. Nxe4 Bxe3 16. Bxe3 Qxe4 17. Bd3 Qb4 18. Bc5  1-0

[Event "Liberec Open 2022 - A FIDE Open"]
[Site "Clarion Grandhotel Zlaty Lev, Liberec"]
[Date "2022.02.07"]
[Round "3"]
[Board "8"]
[White "Vecera, Dominik"]
[Black "Bezdek, Tomas"]
[Result "1-0"]
[WhiteElo "2098"]
[BlackElo "1855"]
[PlyCount "79"]
[EventDate "2022.02.05"]
[EventRounds "9"]
[EventCountry "CZE"]

1. e4 c5 2. Nf3 Nc6 3. d4 cxd4 4. Nxd4 g6 5. Nc3 Bg7 6. Be3 Nf6 7. Bc4 Qa5 8.
O-O O-O 9. Bb3 d6 10. h3 Bd7 11. Re1 Rac8 12. Qe2 Nxd4 13. Bxd4 Bc6 14. Rad1
Nd7 15. Nd5 Rfe8 16. c3 Nc5 17. Qg4 Rcd8 18. Qg5 Bxd4 19. Rxd4 Bxd5 20. Qxd5
Nxb3 21. Qxb3 Qc7 22. Re3 e6 23. Qd1 Rd7 24. Red3 Red8 25. Qa4 a6 26. c4 Qc6
27. Qb4 Qc7 28. b3 Qc6 29. a4 Qc7 30. h4 h5 31. g3 a5 32. Qd2 e5 33. Rd5 b6 34.
Qg5 Re8 35. f3 Qd8 36. Qh6 Re6 37. Kg2 Qf8 38. Qe3 Qd8 39. Rb5 Rb7 40. c5  1-0

[Event "Liberec Open 2022 - A FIDE Open"]
[Site "Clarion Grandhotel Zlaty Lev, Liberec"]
[Date "2022.02.07"]
[Round "3"]
[Board "9"]
[White "Nowak, Filip"]
[Black "Tomic, Stjepan"]
[Result "1-0"]
[WhiteElo "1644"]
[BlackElo "2001"]
[PlyCount "95"]
[EventDate "2022.02.05"]
[EventRounds "9"]
[EventCountry "CZE"]

1. e4 c6 2. d4 d5 3. Nc3 dxe4 4. Nxe4 Nf6 5. Nxf6+ exf6 6. c3 Bd6 7. Bd3 O-O 8.
Ne2 Re8 9. O-O Nd7 10. Qc2 Nf8 11. Be3 h5 12. Rfe1 h4 13. h3 Bb8 14. Bf5 g6 15.
Bxc8 Qxc8 16. Qa4 g5 17. Rad1 Qc7 18. Kf1 Qh2 19. Ng1 Qh1 20. d5 Bh2 21. Qg4
Ng6 22. Ke2 Bxg1 23. Rxg1 Qh2 24. dxc6 Qc7 25. Qd7 Qxc6 26. Qxc6 bxc6 27. Rd6
f5 28. Kd2 Ne5 29. b3 Rad8 30. Rxd8 Rxd8+ 31. Kc2 f4 32. Bd4 Nd7 33. Rd1 Nf8
34. Bc5 Rxd1 35. Kxd1 a6 36. Bxf8 Kxf8 37. f3 Ke7 38. Kd2 Ke6 39. Kd3 Kd5 40.
c4+ Kc5 41. Kc3 a5 42. a3 f5 43. b4+ axb4+ 44. axb4+ Kd6 45. Kd4 c5+ 46. bxc5+
Kc6 47. Ke5 Kxc5 48. Kxf5  1-0

[Event "Liberec Open 2022 - A FIDE Open"]
[Site "Clarion Grandhotel Zlaty Lev, Liberec"]
[Date "2022.02.07"]
[Round "3"]
[Board "10"]
[White "Zauner, Christoph"]
[Black "Smietanska, Wiktoria"]
[Result "0-1"]
[WhiteElo "2001"]
[BlackElo "1802"]
[PlyCount "64"]
[EventDate "2022.02.05"]
[EventRounds "9"]
[EventCountry "CZE"]

1. Nf3 Nf6 2. c4 g6 3. Nc3 Bg7 4. e4 d6 5. d4 O-O 6. Be2 e5 7. O-O Nc6 8. d5
Ne7 9. b4 Ne8 10. c5 f5 11. Ng5 h6 12. Ne6 Bxe6 13. dxe6 fxe4 14. cxd6 Nxd6 15.
Qb3 Qe8 16. Ba3 Kh7 17. Rad1 Nef5 18. Nd5 Rc8 19. e7 Rf7 20. b5 Bf6 21. Nxc7
Rxc7 22. Bxd6 Nxd6 23. Rxd6 Qxe7 24. Re6 Qc5 25. b6 axb6 26. Qxb6 Qxb6 27. Rxb6
Rc2 28. Bg4 Bg5 29. Be6 Re7 30. Bd5 e3 31. fxe3 Bxe3+ 32. Kh1 Bxb6  0-1

[Event "Liberec Open 2022 - A FIDE Open"]
[Site "Clarion Grandhotel Zlaty Lev, Liberec"]
[Date "2022.02.07"]
[Round "3"]
[Board "11"]
[White "Cakl, Zdenek"]
[Black "Warnk, Torsten"]
[Result "1-0"]
[WhiteElo "2118"]
[BlackElo "1767"]
[PlyCount "49"]
[EventDate "2022.02.05"]
[EventRounds "9"]
[EventCountry "CZE"]

1. Nf3 d5 2. b3 Nf6 3. Bb2 g6 4. c4 c6 5. g3 Bg7 6. Bg2 O-O 7. O-O Re8 8. d4
Nbd7 9. Nc3 dxc4 10. bxc4 e5 11. dxe5 Nxe5 12. Nxe5 Qxd1 13. Nxd1 Nh5 14. Nd3
Rxe2 15. Bf3 Bxb2 16. N1xb2 Rd2 17. Rfd1 Rxd1+ 18. Rxd1 Nf6 19. Nc5 Rb8 20.
Rd8+ Kg7 21. Nbd3 b6 22. Na6 Bxa6 23. Rxb8 Bxc4 24. Ne5 Bxa2 25. Nxc6  1-0

[Event "Liberec Open 2022 - A FIDE Open"]
[Site "Clarion Grandhotel Zlaty Lev, Liberec"]
[Date "2022.02.07"]
[Round "3"]
[Board "17"]
[White "Ebner, Johann"]
[Black "Sichrovsky, Tomas"]
[Result "0-1"]
[WhiteElo "1974"]
[BlackElo "1596"]
[PlyCount "74"]
[EventDate "2022.02.05"]
[EventRounds "9"]
[EventCountry "CZE"]

1. d4 Nf6 2. c4 c5 3. Nf3 cxd4 4. Nxd4 Nc6 5. g3 g6 6. Bg2 Bg7 7. Nc3 O-O 8.
Nc2 Ng4 9. Ne3 d6 10. O-O Na5 11. Nxg4 Bxg4 12. Qd3 Rc8 13. b3 b5 14. Be3 bxc4
15. bxc4 Nxc4 16. Rac1 Nxe3 17. Qxe3 Rxc3 18. Rxc3 Bxc3 19. Qxc3 Bxe2 20. Re1
Ba6 21. Qe3 e6 22. Qxa7 Bc4 23. a4 d5 24. a5 Qa8 25. Qc5 Rc8 26. Qa3 Qa7 27.
Ra1 Ba6 28. Qb2 Bd3 29. Qb4 Rc2 30. Qe1 Re2 31. Qf1 Ba6 32. h4 Qc5 33. Bf3 Rc2
34. Qe1 d4 35. h5 d3 36. h6 d2 37. Qe4 d1=Q+  0-1

[Event "Liberec Open 2022 - A FIDE Open"]
[Site "Clarion Grandhotel Zlaty Lev, Liberec"]
[Date "2022.02.07"]
[Round "3"]
[Board "18"]
[White "Malinovsky, Petr"]
[Black "Kocharin, Timur"]
[Result "0-1"]
[WhiteElo "1965"]
[BlackElo "1662"]
[PlyCount "66"]
[EventDate "2022.02.05"]
[EventRounds "9"]
[EventCountry "CZE"]

1. Nf3 Nf6 2. g3 d5 3. Bg2 e6 4. O-O Be7 5. d4 O-O 6. b3 c5 7. Bb2 Nc6 8. Nbd2
cxd4 9. Nxd4 Bc5 10. N2f3 Qe7 11. c4 Nxd4 12. Bxd4 dxc4 13. bxc4 Bxd4 14. Qxd4
Rd8 15. Qb2 Ne4 16. Rfd1 Nc5 17. Qa3 b6 18. Rxd8+ Qxd8 19. Ne1 Bb7 20. Nd3 Qd4
21. Rd1 Bxg2 22. Kxg2 Qe4+ 23. Kg1 Qxe2 24. Nb2 Ne4 25. Qe3 Qxe3 26. fxe3 Nc3
27. Rd2 Nxa2 28. c5 bxc5 29. Na4 Nb4 30. Nxc5 a5 31. Rd4 h6 32. Nb7 Nc2 33. Rd3
a4  0-1

[Event "Liberec Open 2022 - A FIDE Open"]
[Site "Clarion Grandhotel Zlaty Lev, Liberec"]
[Date "2022.02.07"]
[Round "3"]
[Board "23"]
[White "Lochte, Thomas"]
[Black "Ocelak, David"]
[Result "0-1"]
[WhiteElo "1995"]
[BlackElo "1570"]
[PlyCount "136"]
[EventDate "2022.02.05"]
[EventRounds "9"]
[EventCountry "CZE"]

1. e4 c5 2. d4 cxd4 3. c3 dxc3 4. Nxc3 Nc6 5. Nf3 d6 6. Bc4 Nf6 7. e5 Ng4 8. e6
Bxe6 9. Bxe6 fxe6 10. Ng5 Nf6 11. Nxe6 Qd7 12. Qe2 Rc8 13. Bf4 g6 14. Rd1 Kf7
15. Ng5+ Kg7 16. Ne6+ Kf7 17. Nc5 Qf5 18. Qc4+ e6 19. Bxd6 Na5 20. Qxe6+ Qxe6+
21. Nxe6 Kxe6 22. Bg3 Nc4 23. O-O Kf7 24. Nd5 Nxd5 25. Rxd5 Nb6 26. Rd3 h5 27.
a4 Bb4 28. Rfd1 Rhe8 29. Kf1 Rc2 30. a5 Bxa5 31. Rf3+ Kg7 32. Bh4 Rce2 33. Bf6+
Kh7 34. Bc3 Bxc3 35. Rxc3 R8e7 36. b3 Nd5 37. Rcd3 Nb4 38. Rd7 Re1+ 39. Rxe1
Rxd7 40. h4 Kg7 41. g3 Kf7 42. Re4 Nc6 43. Rf4+ Kg7 44. Kg2 Rd3 45. g4 hxg4 46.
Rxg4 Rxb3 47. h5 Ne5 48. Re4 Nc6 49. Rg4 Ne7 50. Re4 Nf5 51. Rg4 Rb6 52. Kf3
Kh6 53. hxg6 Rxg6 54. Rc4 b5 55. Rc7 a6 56. Ke4 Nd6+ 57. Kd5 Nc4 58. f4 Rf6 59.
f5 Rxf5+ 60. Ke6 Re5+ 61. Kf6 Re3 62. Rc8 Rf3+ 63. Ke7 Rf7+ 64. Ke6 Kg7 65. Rc5
Rf6+ 66. Ke7 Rb6 67. Rg5+ Kh6 68. Rg4 a5  0-1

[Event "Liberec Open 2022 - A FIDE Open"]
[Site "Clarion Grandhotel Zlaty Lev, Liberec"]
[Date "2022.02.07"]
[Round "3"]
[Board "25"]
[White "Jankovsky, Zbynek"]
[Black "Czarniecka, Aleksandra"]
[Result "0-1"]
[WhiteElo "1594"]
[BlackElo "1931"]
[PlyCount "74"]
[EventDate "2022.02.05"]
[EventRounds "9"]
[EventCountry "CZE"]

1. d4 d5 2. c4 dxc4 3. Nc3 a6 4. e4 b5 5. Nf3 Bb7 6. Be3 e6 7. a3 Nf6 8. e5 Nd5
9. Be2 Nd7 10. O-O c5 11. Nxd5 Bxd5 12. Qc2 cxd4 13. Bxd4 Bc5 14. Bc3 Qc7 15.
Rfe1 h6 16. Qd2 O-O 17. Qf4 Rfd8 18. Qg3 Nf8 19. Nh4 Bb7 20. Rad1 Rxd1 21. Rxd1
Rd8 22. Bd2 Kh8 23. Kf1 Be4 24. Be3 Rxd1+ 25. Bxd1 Bxe3 26. Qxe3 Qd8 27. Qxe4
Qxd1+ 28. Qe1 Qd3+ 29. Qe2 Qb1+ 30. Qe1 Qxb2 31. Qb4 Qa1+ 32. Ke2 Qxe5+ 33. Kf3
Nh7 34. g3 g5 35. Qd2 gxh4 36. Qd8+ Kg7 37. Qxh4 Ng5+  0-1

[Event "Liberec Open 2022 - A FIDE Open"]
[Site "Clarion Grandhotel Zlaty Lev, Liberec"]
[Date "2022.02.07"]
[Round "3"]
[Board "27"]
[White "Rosol, Philip"]
[Black "Raeke, Philipp"]
[Result "1-0"]
[WhiteElo "1583"]
[BlackElo "1908"]
[PlyCount "55"]
[EventDate "2022.02.05"]
[EventRounds "9"]
[EventCountry "CZE"]

1. d4 Nf6 2. c4 c5 3. d5 e6 4. Nc3 exd5 5. cxd5 d6 6. e4 g6 7. f4 Bg7 8. Bb5+
Nfd7 9. a4 O-O 10. Nf3 Na6 11. O-O Nf6 12. Re1 Bg4 13. Be3 Nh5 14. h3 Bxf3 15.
Qxf3 Nb4 16. g4 Nf6 17. e5 Ne8 18. Ne4 f5 19. gxf5 gxf5 20. Ng5 Nc2 21. Qh5 h6
22. Ne6 Qa5 23. Nxf8 Nxe1 24. Bxe8 Rxe8 25. Qxe8 Bxf8 26. e6 Nf3+ 27. Kf2 Qb4
28. Qf7+  1-0

[Event "Liberec Open 2022 - A FIDE Open"]
[Site "Clarion Grandhotel Zlaty Lev, Liberec"]
[Date "2022.02.08"]
[Round "4"]
[Board "1"]
[White "Dobrowolski, Piotr"]
[Black "Vecera, Dominik"]
[Result "1-0"]
[WhiteElo "2397"]
[BlackElo "2098"]
[PlyCount "81"]
[EventDate "2022.02.05"]
[EventRounds "9"]
[EventCountry "CZE"]

1. d4 Nf6 2. c4 g6 3. Nc3 Bg7 4. e4 d6 5. Be2 O-O 6. Nf3 c5 7. O-O Nc6 8. d5
Na5 9. Bf4 Nh5 10. Bg5 h6 11. Be3 e5 12. g3 Bh3 13. Re1 Qe7 14. Nd2 Nf6 15. a3
b6 16. b4 Nb7 17. Nb3 Ne8 18. Bg4 Bxg4 19. Qxg4 Kh7 20. b5 f5 21. Qh3 Qd7 22.
Bd2 a5 23. bxa6 Rxa6 24. a4 Nc7 25. Ra2 Rfa8 26. Rea1 Qf7 27. Qg2 Qf8 28. Qf3
h5 29. Kg2 Qf7 30. h4 R6a7 31. Rb1 Ra6 32. Rab2 Rf8 33. Bg5 fxe4 34. Qxf7 Rxf7
35. Nd2 Na8 36. Ndxe4 Na5 37. Nxd6 Rd7 38. Nce4 Kh8 39. Rd2 Nb7 40. Nxb7 Rxb7
41. Nxc5  1-0

[Event "Liberec Open 2022 - A FIDE Open"]
[Site "Clarion Grandhotel Zlaty Lev, Liberec"]
[Date "2022.02.08"]
[Round "4"]
[Board "2"]
[White "Smietanska, Wiktoria"]
[Black "Simek, Petr"]
[Result "0-1"]
[WhiteElo "1802"]
[BlackElo "2330"]
[PlyCount "180"]
[EventDate "2022.02.05"]
[EventRounds "9"]
[EventCountry "CZE"]

1. c4 Nf6 2. Nc3 g6 3. g3 Bg7 4. Bg2 O-O 5. e4 d6 6. Nge2 c5 7. d3 Nc6 8. O-O
a6 9. h3 Rb8 10. a4 Ne8 11. Be3 Nd4 12. Rb1 Nxe2+ 13. Qxe2 Nc7 14. Qd2 a5 15.
d4 cxd4 16. Bxd4 Bxd4 17. Qxd4 Ne6 18. Qe3 Re8 19. f4 Qc7 20. f5 Qc5 21. Qf2
Qxf2+ 22. Rxf2 Nc5 23. g4 Bd7 24. b3 f6 25. Nd5 Bc6 26. Bf3 Kg7 27. Rd2 Kf7 28.
Rd4 Rg8 29. Kf2 Rg7 30. Nf4 Ra8 31. Ke3 Ra6 32. Bd1 Rb6 33. Bc2 Rg8 34. Rd2 g5
35. Ne2 Rb4 36. Nc3 Rh8 37. Bd1 h6 38. Rh2 Kg7 39. Rbb2 Rb6 40. Kd4 Nd7 41. Nd5
Bxd5 42. exd5 Ne5 43. Ke4 Rb4 44. Kd4 Rc8 45. Rhc2 Rc5 46. Ke3 Kf7 47. Kd2 Ke8
48. Be2 Kd7 49. Kc1 Kc7 50. Kd2 Kd8 51. Kc1 Rc8 52. Kd2 Nd7 53. Rc3 Nc5 54. Kc2
Ra8 55. Ra2 Ra6 56. Ra3 Rab6 57. Bf3 Ra6 58. Re3 Ra8 59. Ra1 Nd7 60. Be2 Ne5
61. Kd2 Rc8 62. Ra2 Kc7 63. Kc3 Kb6 64. Kd4 Ka7 65. Ra3 Rc5 66. Kc3 b5 67. axb5
Rbxb5 68. b4 Rxb4 69. Rxa5+ Rxa5 70. Kxb4 Kb6 71. Rb3 Ra2 72. Kc3+ Kc7 73. Rb2
Ra1 74. Rb3 Nd7 75. Kd2 Ra2+ 76. Ke1 Ne5 77. Kf2 Rc2 78. Ra3 Nxc4 79. Ra7+ Kd8
80. Ra8+ Kd7 81. Ke1 Ne3 82. Bb5+ Kc7 83. Bc6 Kb6 84. Re8 Kc5 85. Rxe7 Kd4 86.
Re6 Rb2 87. Rxd6 Kd3 88. Bb5+ Rxb5 89. Rxf6 Rb2 90. d6 Re2#  0-1

[Event "Liberec Open 2022 - A FIDE Open"]
[Site "Clarion Grandhotel Zlaty Lev, Liberec"]
[Date "2022.02.08"]
[Round "4"]
[Board "3"]
[White "Schulz, Michael"]
[Black "Kersten, Julian"]
[Result "1/2-1/2"]
[WhiteElo "2247"]
[BlackElo "1935"]
[PlyCount "67"]
[EventDate "2022.02.05"]
[EventRounds "9"]
[EventCountry "CZE"]

1. e4 e6 2. Nf3 d5 3. e5 c5 4. b4 cxb4 5. d4 Bd7 6. Bd3 Qa5 7. O-O Bb5 8. Bxb5+
Qxb5 9. a3 Nc6 10. axb4 Nxb4 11. c3 Nc6 12. Na3 Qa6 13. Qb3 Rc8 14. Nb5 Qxa1
15. Ba3 Qxf1+ 16. Kxf1 a6 17. Bxf8 Kxf8 18. Nd6 Rb8 19. Ng5 Nd8 20. Qa4 b5 21.
Qxa6 Ne7 22. Qa7 Ndc6 23. Qc7 h6 24. Ngxf7 Rh7 25. Qd7 g6 26. Qxe6 b4 27. Nxh6
Kg7 28. Ng4 b3 29. Qf6+ Kg8 30. Nh6+ Rxh6 31. Qf7+ Kh8 32. Qf6+ Kg8 33. Qf7+
Kh8 34. Qf6+  1/2-1/2

[Event "Liberec Open 2022 - A FIDE Open"]
[Site "Clarion Grandhotel Zlaty Lev, Liberec"]
[Date "2022.02.08"]
[Round "4"]
[Board "4"]
[White "Lajbl, Jan"]
[Black "Peglau, Charis"]
[Result "1/2-1/2"]
[WhiteElo "2218"]
[BlackElo "1874"]
[PlyCount "88"]
[EventDate "2022.02.05"]
[EventRounds "9"]
[EventCountry "CZE"]

1. e4 c6 2. c4 e6 3. d4 d5 4. e5 c5 5. cxd5 Qxd5 6. Nf3 cxd4 7. Qxd4 Qxd4 8.
Nxd4 Bd7 9. Bb5 Bc5 10. Be3 a6 11. Bxd7+ Nxd7 12. f4 Ne7 13. Nc3 O-O 14. O-O-O
Rac8 15. Kb1 Nb6 16. Nc2 Nbd5 17. Nxd5 Nxd5 18. Bxc5 Rxc5 19. g3 Rfc8 20. Rd2
Kf8 21. a3 Ke7 22. Re1 g6 23. Re4 h5 24. Nb4 a5 25. Nd3 Rc4 26. Rxc4 Rxc4 27.
Nf2 b5 28. Rc2 Ne3 29. Rxc4 Nxc4 30. Kc2 f6 31. exf6+ Kxf6 32. Kc3 e5 33. a4
exf4 34. gxf4 Nxb2 35. axb5 Na4+ 36. Kd4 Kf5 37. Nd3 g5 38. fxg5 Kxg5 39. Nb2
Nb6 40. Nc4 Na4 41. Nb2 Nb6 42. Kc5 a4 43. Nc4 Nc8 44. Kb4 Kg4  1/2-1/2

[Event "Liberec Open 2022 - A FIDE Open"]
[Site "Clarion Grandhotel Zlaty Lev, Liberec"]
[Date "2022.02.08"]
[Round "4"]
[Board "5"]
[White "Pourquet, Matthieu"]
[Black "Nowak, Filip"]
[Result "1-0"]
[WhiteElo "2197"]
[BlackElo "1644"]
[PlyCount "65"]
[EventDate "2022.02.05"]
[EventRounds "9"]
[EventCountry "CZE"]

1. Nf3 d5 2. c4 c6 3. d4 Nf6 4. g3 Bf5 5. Nc3 e6 6. Nh4 Bg4 7. h3 Bh5 8. g4 Bg6
9. Qb3 Qb6 10. c5 Qxb3 11. axb3 Na6 12. Bf4 Kd7 13. Nf3 Nb4 14. Ra4 a5 15. Na2
Nxa2 16. Rxa2 Be7 17. Ne5+ Kc8 18. b4 a4 19. h4 Nd7 20. Rh3 Nxe5 21. Bxe5 f6
22. Bf4 Kd7 23. Kd2 b5 24. h5 Bf7 25. Rha3 Rac8 26. b3 axb3 27. Ra7+ Ke8 28.
R2a6 g5 29. Bg3 h6 30. Rb7 Bd8 31. Raa7 Bg8 32. e3 f5 33. Be5  1-0